Going nuclear (Record no. 76635)
[ view plain ]
| 000 -LEADER | |
|---|---|
| fixed length control field | 01062cab a2200181 4500 |
| 001 - CONTROL NUMBER | |
| control field | ##L132797 |
| 008 - FIXED-LENGTH DATA ELEMENTS--GENERAL INFORMATION | |
| fixed length control field | 060309n2006 000 0 eng u |
| 035 ## - SYSTEM CONTROL NUMBER | |
| System control number | (Sirsi) u132797 |
| 041 0# - LANGUAGE CODE | |
| Language code of text/sound track or separate title | eng |
| 100 1# - MAIN ENTRY--PERSONAL NAME | |
| Personal name | Sweet, Rod |
| 245 00 - TITLE STATEMENT | |
| Title | Going nuclear |
| 260 ## - PUBLICATION, DISTRIBUTION, ETC. | |
| Date of publication, distribution, etc. | 2006 |
| 490 #0 - SERIES STATEMENT | |
| Series statement | Construction Manager |
| Volume/sequential designation | March 2006, 20-25(6) |
| 520 ## - SUMMARY, ETC. | |
| Summary, etc. | Reports on the likely impact on the construction industry if the decision is taken to build a new generation of nuclear power stations. There are concerns that any new build programme might strain capacity in the industry, which is already suffering from a skills shortage. The Nuclear Industry Association (NIA) is recommending that a range of measures be adopted to avoid the cost and time overruns which dogged the construction of the previous generation of nuclear plants. A separate article "Out with the old" looks at the opportunities for the industry in the decommissioning of existing plants. |
| 590 ## - LOCAL NOTE (RLIN) | |
| Local note | IKA140306 |
| 690 ## - LOCAL SUBJECT ADDED ENTRY--TOPICAL TERM (OCLC, RLIN) | |
| Topical term or geographic name as entry element | BUILT ENVIRONMENT-CONSTRUCTION MANAGEMENT-CONSTRUCTION PLANNING |
| 942 ## - ADDED ENTRY ELEMENTS (KOHA) | |
| Suppress in OPAC | 0 |
| Withdrawn status | Lost status | Source of classification or shelving scheme | Damaged status | Not for loan | Home library | Current library | Shelving location | Date acquired | Total Checkouts | Full call number | Barcode | Date last seen | Copy number | Price effective from | Koha item type |
|---|---|---|---|---|---|---|---|---|---|---|---|---|---|---|---|
| Dewey Decimal Classification | London | London | Journal article | 09/03/2006 | L132797 | 132797-1001 | 06/08/2019 | 1 | 06/08/2019 | Journal article |